Words That End in "Self" - Statistics

General Stats
  • This quiz has been taken 21 times
  • The average score is 5 of 10
Answer Stats
# Words % Correct
Y Yourself
95%
H Himself
81%
H Herself
76%
T Themself
67%
O Oneself
48%
O Ourself
48%
I Itself
43%
T Thyself
19%
N Nonself
10%
G Godself
0%
No matching quizzes found
Score Distribution
Percent of People with Each Score
Percentile by Number Answered
Your Score History
You have not taken this quiz